000 00629cam a22002053a 4500
001 40830
003 PGUSA
005 20140828083919.0
008 120922s2012||||xxu|||||s|||||000 | eng d
040 _aPGUSA
_beng
042 _adc
100 1 _aAnderson, Andrew A.
245 1 0 _aTwenty-Five Years in a Waggon in South Africa :
_bSport and Travel in South Africa
_h[electronic resource] /
_cAndrew A. Anderson
260 _bProject Gutenberg,
_c2012
506 _aPublic domain in the USA.
516 _aElectronic text
830 0 _aProject Gutenberg
_v40830
856 4 0 _uhttp://www.gutenberg.org/ebooks/40830
942 _cEB
999 _c270082
_d270082